| 000 | 01423nam a2200337 a 4500 | ||
|---|---|---|---|
| 001 | 000012988 | ||
| 003 | DO-SdBPM | ||
| 005 | 20251104100347.0 | ||
| 007 | 000012988 | ||
| 008 | 091118s2012 pa 000 f spa d | ||
| 020 | _a992598395 | ||
| 040 |
_aDO-SdBPM _bspa _cBPMSU _erda |
||
| 082 | 4 |
_aPa863.3 _bF227v 2012 _222 |
|
| 092 | _b | ||
| 100 | 1 |
_a Fariña Núñez, Eloy _d1885-1929 _eautor |
|
| 245 | 1 | 3 |
_aLas vértebras de pan / _cEloy Fariña Núñez |
| 264 |
_aAsunción, Paraguay : _b AGR, Servicios Gráficos, _c2012 |
||
| 300 |
_a92 páginas ; _c23 cm. |
||
| 336 |
_atexto _btxt _2rdacontent |
||
| 337 |
_asin mediación _bn _2rdamedia |
||
| 338 |
_avolumen _bnc _2rdacarrier |
||
| 490 | 0 |
_a Biblioteca popular de autores paraguayos ; _aHacia un país de lectores, _v 17 |
|
| 500 | _aIncluye datos biográficos del autor en la contracubierta | ||
| 505 | 0 | _aLas vértebras de Pan 13 -- Bucles de oro 19 -- La ceguera de Homero 27 -- La inmortalidad de Horacio 33 -- Claro de Luna 37 -- La verdad 45 -- El hierofante de Sais 49 -- El velo de Maya 55 -- La bruja de Itatí 61 -- El Buda celeste 69 -- La respuesta del Oráculo 75 -- La venganza de Virgilio 81 -- La muerte de pan 87 -- Guía de trabajo 92 | |
| 586 | _a | ||
| 590 | _aInventariado, 2025/VM | ||
| 650 | 7 | _aCuentos paraguayos | |
| 650 | 7 |
_aLiteratura paraguaya _y |
|
| 910 | _aVMateo V. Control de calidad. BPMSU | ||
| 942 |
_2ddc _cBK |
||
| 999 |
_c15487 _d15487 |
||